00374pab a2200121 454500008004000000100001900040245011000059260000900169300001200178362001100190650001700201773003400218180718b1987 xxu||||| |||| 00| 0 eng d aD' Cunha, Jean aProstitution in a partriarchal societybA critical review of the SIT (Suppression of Immoral Traffic) Act c1987 a1919-25 a7 Nov. aProstitution aEconomic and Political Weekly